| 000 | 00472nam a2200145 4500 | ||
|---|---|---|---|
| 001 | 144254 | ||
| 003 | ES-MaACL | ||
| 007 | t| | ||
| 008 | 070214s1981 sp r ||||1| spa d | ||
| 100 | 1 |
_aSierra Bravo, Restituto. _9106265 |
|
| 245 | 1 | 0 |
_aCiencias sociales _b: análisis estadístico y modelos matemáticos : teoría y ejercicios / _cRestituto Sierra Bravo. |
| 260 |
_aMadrid : _bParaninfo, _c1981. |
||
| 300 |
_a482 p. ; _c22 cm. |
||
| 852 |
_aES-MaACL _jL-583 _bR.101383 |
||
| 999 |
_c144254 _d144254 |
||